Walt Disney World: Magic Kingdom Land Themes - Statistics

General Stats
  • This quiz has been taken 1,104 times
  • The average score is 5 of 6
Answer Stats
Hint Answer % Correct
Space Mountain and Buzz Lightyear Tomorrowland
93%
Most of the shops right after entering the park Main Street USA
91%
Snow White, Peter Pan, and the Castle (currently being expanded) Fantasyland
89%
Tom Sawyer, Splash Mountain, and Big Thunder Mountain Frontierland
88%
Jungle Cruise and Swiss Family Robinson Adventureland
85%
Haunted Mansion and River Boat Liberty Square
69%
No matching quizzes found
Score Distribution
Percent of People with Each Score
Percentile by Number Answered
Your Score History
You have not taken this quiz